000
00364cam a2200169ua 4500
001
2578
008
140521n ii |||gr||||Z||||||eng
040
_a
MAIN
041
_a
English
082
_b
Cho
100
_a
Chopra P,N.
245
_a
Business Economics
250
_a
4thEdition.
260
_a
Ludhiana:
_b
Kalyani Publishers.
300
_a
360.
942
_c
BK
999
_c
2574
_d
2574